000 00642nam a2200253Ia 4500
003 OSt
005 20220912145144.0
006 a|||||r|||| 00| 0
007 ta
008 220909b |||||||| |||| 00| 0 eng d
024 _a70485
037 _cTextual
040 _aCSL
_beng
_cCSL
041 _aeng
082 _aG, J86
100 _aFitzpatrick Frederick L
245 0 _aLiving things
260 _aNew York
_bHenry Holt
_c1958
300 _axiv, 416p.
_ccm.
650 _aBiology
700 _a Bain Thomas D
942 _hG, J86
_cTEXL
_2CC
999 _c24684
_d24684